000171157 001__ 171157
000171157 005__ 20260515163945.0
000171157 0248_ $$2sideral$$a133195
000171157 037__ $$aART-2006-133195
000171157 041__ $$aspa
000171157 100__ $$0(orcid)0000-0001-7385-6772$$aMérida Donoso, José Antonio
000171157 245__ $$aLa separación en Pedro Salinas
000171157 260__ $$c2006
000171157 540__ $$9info:eu-repo/semantics/closedAccess$$aAll rights reserved$$uhttp://www.europeana.eu/rights/rr-f/
000171157 655_4 $$ainfo:eu-repo/semantics/article$$vinfo:eu-repo/semantics/publishedVersion
000171157 773__ $$g12, 2 (2006), 51-58$$pMeridian Critic$$tMeridian Critic. Analele Universitatii "Stefan cel Mare” Suceava. Seria Filologie$$x2069-6787
000171157 8564_ $$s4034245$$uhttps://zaguan.unizar.es/record/171157/files/texto_completo.pdf$$yVersión publicada
000171157 8564_ $$s1799640$$uhttps://zaguan.unizar.es/record/171157/files/texto_completo.jpg?subformat=icon$$xicon$$yVersión publicada
000171157 909CO $$ooai:zaguan.unizar.es:171157$$particulos$$pdriver
000171157 951__ $$a2026-05-15-14:54:04
000171157 980__ $$aARTICLE